Nastik darshanon mein dukh vivechan (Record no. 124687)

MARC details
000 -LEADER
fixed length control field 00344nam a2200145Ia 4500
008 - FIXED-LENGTH DATA ELEMENTS--GENERAL INFORMATION
fixed length control field 230917s9999||||xx |||||||||||||| ||und||
040 ## - CATALOGING SOURCE
-- 112397
Original cataloging agency VIVEKANANDA LIBRARY
041 ## - Language
-- English
082 ## - DDC NUMBER
Classification number 181.4 S81N
100 ## - MAIN ENTRY--PERSONAL NAME
Personal name Sushma
245 #0 - TITLE STATEMENT
Title Nastik darshanon mein dukh vivechan
260 ## - PUBLICATION, DISTRIBUTION, ETC. (IMPRINT)
Place of publication, distribution, etc Rohtak
Name of publisher, distributor, etc M. D. U
Date of publication, distribution, etc 2005
300 ## - PHYSICAL DESCRIPTION
Pages 65 p.
942 ## - ADDED ENTRY ELEMENTS (KOHA)
Koha item type Books
Holdings
Withdrawn status Lost status Damaged status Not for loan Location (home branch) Sublocation or collection (holding branch) Date acquired Koha issues (times borrowed) Koha full call number Accession No. Koha date last seen Koha item type
        VIVEKANANDA LIBRARY VIVEKANANDA LIBRARY 05/12/2006   181.4 S81N 220567 17/09/2023 Books
© Designed and Maintained by Vivekananda Library, MDU Rohtak